Cities in Jiangsu Province - Statistics

General Stats
  • This quiz has been taken 17 times
  • The average score is 8 of 13
Answers on the Grid
Answers color-coded by a green-red scale on the quiz's grid according to % correct below.
Bengbu
Bozhou
Changzhou
Chenzhou
Hangzhou
Hefei
Huai'an
Huzhou
Lianyungang
Nanchang
Nanjing
Nantong
Ningbo
Qingdao
Qujing
Rizhao
Shanghai
Suqian
Suzhou
Taizhou
Wenzhou
Wuxi
Xining
Xuzhou
Yancheng
Yangzhou
Yingtan
Zhaotong
Zhenjiang
Zhoushan
 
Answer Stats
Answer % Correct
Changzhou
73%
Huai'an
64%
Lianyungang
64%
Nanjing
64%
Taizhou
64%
Yancheng
64%
Yangzhou
64%
Nantong
55%
Suqian
55%
Suzhou
55%
Wuxi
55%
Xuzhou
55%
Zhenjiang
55%
No matching quizzes found
Score Distribution
Percent of People with Each Score
Percentile by Number Answered
Your Score History
You have not taken this quiz